000 00630nam a2200205 a 4500
001 000042942
005 20201002040521.0
008 140213s1984 sp 000 0 spa d
020 _a8372233421
040 _aDO-SdBNP
_bspa
_cBNPHU
100 1 _aCoca, Aldo
_d1968-1982
_970433
245 1 0 _aCuentos inenarrables. /
_cAldo Coca.
260 _aBarcelona, :
_bTusquets,
_c1984.
300 _a142 p. ;
_c20 cm.
490 1 _aErótica
490 1 _aLa sonrisa vertical
_v39
500 _aIncluye datos biografícos del autor en la solapa de la contraportada
830 0 _aErótica
_970431
830 0 _aLa sonrisa vertical
_v39
_919576
999 _c42431
_d42431